| Tag |
First Indicator |
Second Indicator |
Subfields |
| LEADER |
00000cam a2200000 a 4500 |
| 001 |
in00000762829 |
| 005 |
20151017050811.0 |
| 008 |
880617s1988 wiu s00010 eng |
| 010 |
|
|
|a 88040196
|
| 020 |
|
|
|a 0299119203 :
|c $12.50
|
| 020 |
|
|
|a 0299119246 (pbk.) :
|c $7.95
|
| 035 |
|
|
|a (OCoLC)18190557
|
| 035 |
|
|
|9 ADK2592AM
|
| 040 |
|
|
|a DLC
|c DLC
|d TXA
|d UtOrBLW
|
| 049 |
|
|
|a TXAM
|c [A11764012]
|
| 050 |
0 |
0 |
|a PS3576.E37
|b P6 1988
|
| 082 |
0 |
|
|a 811/.54
|2 19
|
| 100 |
1 |
|
|a Zeidner, Lisa.
|
| 245 |
1 |
0 |
|a Pocket sundial /
|c Lisa Zeidner.
|
| 264 |
|
1 |
|a Madison, Wis. :
|b University of Wisconsin Press,
|c [1988]
|
| 264 |
|
4 |
|c ©1988
|
| 300 |
|
|
|a xi, 89 pages ;
|c 24 cm.
|
| 336 |
|
|
|a text
|b txt
|2 rdacontent
|
| 337 |
|
|
|a unmediated
|b n
|2 rdamedia
|
| 338 |
|
|
|a volume
|b nc
|2 rdacarrier
|
| 490 |
1 |
|
|a Brittingham prize in poetry
|
| 740 |
0 |
|
|a Pocket sun dial.
|
| 830 |
|
0 |
|a Brittingham prize in poetry (Series)
|
| 999 |
|
|
|a MARS
|
| 999 |
f |
f |
|s e33e08ac-3a84-35de-9b79-d29fd8ce94fa
|i 3e951b4c-4f34-37dc-8f42-40d6a5afdcc7
|t 0
|
| 952 |
f |
f |
|p ric
|a Texas A&M University
|b Rellis Campus
|c Joint Library Facility
|d Remote Storage
|t 0
|e PS3576.E37 P6 1988
|h Library of Congress classification
|i unmediated -- volume
|m A14811764012
|
| 998 |
f |
f |
|a PS3576.E37 P6 1988
|t 0
|l Remote Storage
|